00720 2200253 4500001002100000005001700021008004100038020002200079035002400101040001200125082001600137084002200153090002200175100002300197245007100220250001100291260003400302300002900336504003100365650001600396850001200412990002100424990002100445INLIS00000000002492720170119092024.0  a978-602-72849-9-9 0010-011700000000427 aYOPDYOG 223a801.959 aDEP 801.959 Suw E aDEP 801.959 Suw E aSUWARDI ENDRASWARA aEkokritik sastrab: konsep, teori dan terapanc/Suwardi Endraswara aCet. 1 aYogyakartabMorfalinguac2016 axiii, 166 hlm.c; 25 cm. aBibliografi : hlm. 161-166 aGaya Sastra aYOPDYOG aCB-D.11/2016-694 aCB-D.11/2016-694